Đánh giá mức độ hài lòng gói vay tín chấp tại ngân hàng thương mại cổ phần Bưu Điện Liên Việt chi nhánh Cần Thơ : Luận văn tốt nghiệp cao học ngành Tài chính - Ngân hàng

Nội dung luận văn giới thiệu cơ sở lý luận và phương pháp nghiên cứu. Thực trạng chất lượng gói vay tính chấp tại Lienvietpostbank chi nhánh Cần Thơ từ 2015 - 2017. Thực trạng chất lượng gói vay và đề xuất một số giải pháp nâng cao chất...

Volledige beschrijving

Bewaard in:
Bibliografische gegevens
Hoofdauteur: Nguyễn, Hoàng Minh
Formaat: Boek
Taal:Undetermined
Gepubliceerd in: Cần Thơ Trường Đại học Cần Thơ 2018
Onderwerpen:
Tags: Voeg label toe
Geen labels, Wees de eerste die dit record labelt!
Thư viện lưu trữ: Trung tâm Học liệu Trường Đại học Cần Thơ
LEADER 01385nam a2200229Ia 4500
001 CTU_227166
008 210402s9999 xx 000 0 und d
082 |a 332.1753 
082 |b M312 
100 |a Nguyễn, Hoàng Minh 
245 0 |a Đánh giá mức độ hài lòng gói vay tín chấp tại ngân hàng thương mại cổ phần Bưu Điện Liên Việt chi nhánh Cần Thơ : 
245 0 |b Luận văn tốt nghiệp cao học ngành Tài chính - Ngân hàng 
245 0 |c Nguyễn Hoàng Minh ; Vương Quốc Duy (cán bộ hướng dẫn) 
260 |a Cần Thơ 
260 |b Trường Đại học Cần Thơ 
260 |c 2018 
520 |a Nội dung luận văn giới thiệu cơ sở lý luận và phương pháp nghiên cứu. Thực trạng chất lượng gói vay tính chấp tại Lienvietpostbank chi nhánh Cần Thơ từ 2015 - 2017. Thực trạng chất lượng gói vay và đề xuất một số giải pháp nâng cao chất lượng gói vay. 
650 |a Banks and banking,Ngân hàng và nghiệp vụ ngân hàng 
650 |x Government policy,Chính sách chính phủ 
650 |z Vietnam,Việt Nam 
910 |b dqhieu 
980 |a Trung tâm Học liệu Trường Đại học Cần Thơ